000
00335 a2200157 4500
001
193007
020
_a
978-85-356-2281-2
040
_c
Magnum
100
_a
Cunha, Leo
240
1
0
_a
O gato de estimação
_l
por
245
1
0
_a
O gato de estimação
300
_a
12
362
0
_a
2008
697
_a
LITERATURA INFANTO
942
_c
BK
999
_c
193007
_d
193007